| 000 | 004560000a22001810004500 | ||
|---|---|---|---|
| 003 | MACL | ||
| 005 | 20151218130634.0 | ||
| 008 | 151218b xxu||||| |||| 00| 0 eng d | ||
| 040 |
_aMACL _cMACL |
||
| 041 | _aEnglish | ||
| 082 | _a050/MOR | ||
| 100 |
_aMoraes, Frank _921091 |
||
| 245 |
_aDirectory and Year Book _b1955-1956 |
||
| 260 |
_bBennett Coleman & Co Ltd _c1956 |
||
| 350 | _a30 | ||
| 650 |
_aSerial Publication _9330 |
||
| 942 |
_cBK _k050/MOR _2ddc |
||
| 999 |
_c40662 _d40662 |
||